Teacher education research in a new context : the Oxford internship scheme

Αποθηκεύτηκε σε:
Λεπτομέρειες βιβλιογραφικής εγγραφής
Άλλοι συγγραφείς: McIntyre, Donald 1937- (Επιμελητής έκδοσης)
Μορφή: Βιβλίο
Γλώσσα:English
Δημοσίευση: London : Paul Chapman Publishing, 1997
Σειρά:New BERA dialogues
Θέματα:
Ετικέτες: Προσθήκη ετικέτας
Δεν υπάρχουν, Καταχωρήστε ετικέτα πρώτοι!

MARC

LEADER 00000nam a2200000 i 4500
001 1/84123
008 990622s1997 eng d
020 |a 1-85396-364-X 
035 |l 10051531 
040 |a GR-MY-UA  |b gre  |e aacr 
041 0 |a eng 
082 0 |a 370.71042 
245 1 0 |a Teacher education research in a new context :  |b the Oxford internship scheme /  |c edited by Donald McIntyre 
260 |a London :   |b Paul Chapman Publishing,   |c 1997 
300 |a 206 p. 
490 1 |a New BERA dialogues 
650 0 0 |a Teachers  |x Training of  |x Research  |z Great Britain. 
700 1 |a McIntyre, Donald  |d 1937-  |4 edt 
830 0 |a New BERA dialogues 
852 |a INST  |b RHODES  |e 19990622  |h 370.71042 TEA  |p 005400014734  |q 005400014734  |t BK  |y 0 
901 |a BIBL4-1999-2 
909 |a Ρ  |b 066160  |c 1999 
922 |a 4ΕΛΗ  |b 199906  |c ΚΠΣ/154  |d LEADER 
970 |a ΤΕΡΝΕΖΗΣ  |b ΧΡΗΣΤΟΣ  |z 19990622